| 000 | 00893nam a2200229Ia 4500 | ||
|---|---|---|---|
| 999 |
_c56012 _d56012 |
||
| 001 | 23112 | ||
| 003 | GE_BSU | ||
| 005 | 20221125140734.0 | ||
| 008 | 181216s1986ge xx |||||||||||||| ||geo|| | ||
| 040 | _cGE_BSU | ||
| 041 | _ageo | ||
| 080 | _a821.111(73)-31 ფ-69 | ||
| 100 |
_aფიცჯერალდი, ფრენსის სკოტ, _916103 |
||
| 245 |
_aნაზია ღამე : _bრომანი / ფრენსის სკოტ ფიცჯერალდი ; ინგლ. თარგმნა მ. ხელაშვილმა. |
||
| 264 |
_aთბილისი : _bმერანი, _c1986. |
||
| 300 |
_a391 გვ. ; _b20 სმ. |
||
| 541 | _h4ლ. 20თ. | ||
| 653 | _aნაზია ღამე | ||
| 653 | _aრომანი | ||
| 700 |
_aხელაშვილი, მ _eმთარგმნელი _916104 |
||
| 942 |
_cBK _2udc |
||